أثر طريقة الاستقصاء فى التدريس على التحصيل والاحتفاظ فى مادة "دراسات فىالفكر العربى الاسلامى" لدى طلبة كليات المجتمع فىالأردن
Saved in:
| 主要作者: | |
|---|---|
| 其他作者: | |
| 格式: | Thesis |
| 语言: | Arabic |
| 出版: |
عمان
: كلية دراسات عليا. جامعة اردنية،
1990
|
| 主题: | |
| 标签: |
添加标签
没有标签, 成为第一个标记此记录!
|
| LEADER | 015810000a22003130004500 | ||
|---|---|---|---|
| 001 | 41672 | ||
| 005 | 20090527130600.0 | ||
| 008 | 920917s1990 ara | ||
| 035 | |a 193069 | ||
| 035 | |a (Sirsi) 41672 | ||
| 040 | |a UIAM |b eng | ||
| 050 | |a LB1027.44 | ||
| 100 | 1 | |a عمرى، عبد منعم حسين | |
| 242 | 1 | 0 | |a Athar tariqat al-istiqsa' fi tadris 'ala al-tahsil wa-al-ihtifaz fi maddah "Dirasat fi al-Fikr al-'Arabi al-Islami" lada talabah Kulliyat al-Mujtama' fi al-Urdun / |c 'idad 'Abd al-Mun'im Husayn al-'Umari; ishraf Usamah Shamud |
| 245 | 1 | 0 | |a أثر طريقة الاستقصاء فى التدريس على التحصيل والاحتفاظ فى مادة "دراسات فىالفكر العربى الاسلامى" لدى طلبة كليات المجتمع فىالأردن |
| 260 | 1 | |a عمان |b : كلية دراسات عليا. جامعة اردنية، |c 1990 | |
| 300 | |a 109 p. | ||
| 502 | |a (M.A.)--al-Kulliyat al-Tarbiyah, al-Jami'at al-Urduniyah, 'Amman, 1990 | ||
| 533 | |a One copy | ||
| 596 | |a 1 | ||
| 650 | 0 | |a Questioning | |
| 650 | 0 | |a College teaching | |
| 650 | 0 | |a Teaching | |
| 700 | 1 | |a 'Umari, 'Abd al-Mun'im Husayn | |
| 710 | 2 | |a Jami'ah al-Urduniyah. |b Kulliyat al-Dirasat al-'Ulya | |
| 900 | |a bal-khs-arr280992 | ||
| 999 | |c 429839 |d 461330 | ||
| 952 | |0 0 |6 T LB1027.44 U48A |7 0 |8 THESES |9 748729 |a IIUM |b IIUM |c MULTIMEDIA |g 0.00 |o t LB1027.44 U48A |p 00000150377 |r 2017-10-19 |t 2 |v 0.00 |y THESIS | ||
| 952 | |0 0 |6 LU T LB1027.44U 48A |7 0 |8 THESES |9 748730 |a IIUM |b IIUM |c MULTIMEDIA |g 0.00 |o lu t LB1027.44U 48A |p 00000340432 |r 2017-10-25 |t 1 |v 0.00 |y THESIS | ||
